000 00586nam a2200217Ia 4500
003 OSt
005 20220923230718.0
006 a|||||r|||| 00| 0
007 ta
008 Pun
024 _a304,983
037 _cTextual
040 _aARTS
_cARTS
_bPun
041 _2Pun
_aPun
082 _aU8.7'N, 153M4
100 _aਗਿੱਲ, ਤ੍ਰਿਲੋਚਨ ਸਿੰਘ
_9159453
245 0 _aਦੁਨੀਆਂ ਦੁਆਲੇ
260 _c1984
942 _hU8.7'N, 153M4
_cTEXL
_2CC
999 _c386788
_d386788